| 000 | 00591nam a2200229Ia 4500 | ||
|---|---|---|---|
| 003 | OSt | ||
| 005 | 20250628105515.0 | ||
| 008 | 210423s2017 xx 000 0 und d | ||
| 020 | _a978-1-4471-7334-2 | ||
| 040 | _cAL | ||
| 041 | _aeng | ||
| 082 |
_a006.60151 _223 _bVINM |
||
| 100 |
_aJohn Vince _996650 |
||
| 245 | _aMathematics for computer graphics | ||
| 250 | _a5 | ||
| 260 |
_aLondon _bSpringer Verlag _c2017 |
||
| 300 |
_axix,505 _bPB |
||
| 365 |
_b5171.14 _cINR |
||
| 650 |
_aComputer Methods _996651 |
||
| 906 | _acomputer ; Ed5 ; graphics ; Mathematics | ||
| 942 |
_2ddc _cBK |
||
| 999 |
_c170738 _d170738 |
||